000 00532nam a2200181Ia 4500
008 090124s9999 xx 000 0 und d
082 _b13980
_a508
100 _aइनामदार अलका
245 _a मातृकत्यव्ये
250 _a1
260 _c1964
300 _a168
600 _aइनामदार अलका
630 _a मातृकत्यव्ये
700 _aइनामदार अलका
730 _a मातृकत्यव्ये
942 _cBOOK
999 _c127920
_d127920